010140000a22002410004500090001400000245005100014650002000065650002400085650002800109650003100137650003200168651002900200653001500229653001500244653001400259041001300273100002900286942001300315773007900328999001700407952017400424952017400598 aARb0313810aBotany: new plants from Central America. XIII.14aBotánica936114aVegetación99279914aNuevos registros99471914aTaxonomía vegetal99226214aMorfología vegetal918295 4pAmérica Central992749 gPsychotria gPalicourea gCoussarea0 aInglés1 aStandley, Paul C.918118 cARTICULO1 tJournal of the Washington Academy of Sciences31360h10q273-282d1928g18 c12193d12193 001040718HEMEROTECAaBogotabBogotad2015-02-27ePrieto, AdrianahFuera de circulaciónl0oAR 03138p013542r2015-03-25 00:00:00t2w2015-03-25xEntregadoyARTICULO 001040718HEMEROTECAaBogotabBogotad2015-02-27ePrieto, AdrianahFuera de circulaciónl0oAR 03138p013949r2015-03-25 00:00:00t1w2015-03-25xEntregadoyARTICULO